Взаимоотношение дайковых пород со скарнами и рудами кондомской группы железорудных месторождений; Труды Томского государственного университета; Т. 132 : Третья научная конференция Томского государственного университета имени В. В. Куйбышева

Détails bibliographiques
Parent link:Труды Томского государственного университета/ Томский государственный университет (ТГУ) ; отв. ред. В. Т. Макаров.— , 1932-
Т. 132 : Третья научная конференция Томского государственного университета имени В. В. Куйбышева.— 1954.— С. 355-358
Auteur principal: Корель В. Г.
Langue:russe
Publié: 1954
Sujets:
Format: MixedMaterials Chapitre de livre
KOHA link:https://koha.lib.tpu.ru/cgi-bin/koha/opac-detail.pl?biblionumber=591684

MARC

LEADER 00000naa2a2200000 4500
001 591684
005 20231101131655.0
035 |a (RuTPU)RU\TPU\tpu\2233 
035 |a TPU00002233 
090 |a 591684 
100 |a 20011210d1954 k y0rusy50 ca 
101 0 |a rus 
102 |a RU 
200 1 |a Взаимоотношение дайковых пород со скарнами и рудами кондомской группы железорудных месторождений  |f В. Г. Корель 
461 1 |0 (RuTPU)RU\TPU\book\211718  |t Труды Томского государственного университета  |f Томский государственный университет (ТГУ) ; отв. ред. В. Т. Макаров  |d 1932-  
463 1 |0 (RuTPU)RU\TPU\book\159118  |t Т. 132 : Третья научная конференция Томского государственного университета имени В. В. Куйбышева  |o сборник по геологии Сибири, посвященный академику В. А. Обручеву  |v С. 355-358  |d 1954  |p 378 с.  |s Серия геологическая 
610 1 |a геолого-географические науки 
610 1 |a железорудные месторождения 
610 1 |a дайковые породы 
610 1 |a скарны 
610 1 |a руды 
610 1 |a труды учёных ТПУ 
700 1 |a Корель  |b В. Г. 
801 0 |a RU  |b 63413507  |c 20011210  |g PSBO 
801 2 |a RU  |b 63413507  |c 20221202  |g PSBO 
942 |c BK